All Premier League Teams Logo Quiz - Statistics

General Stats
  • This quiz has been taken 5,781 times
    5,037 since last reset
  • The average score is 31 of 51
Answer Stats
Picture Answer % Correct
Arsenal
98%
Aston Villa
94%
AFC Bournemouth
88%
Chelsea
82%
Manchester United
80%
Liverpool
79%
Manchester City
78%
Brighton and Hove Albion
77%
Everton
77%
Fulham
76%
Crystal Palace
75%
Leeds United
74%
Newcastle United
74%
Tottenham Hotspurs
74%
Brentford
73%
Nottingham Forest
73%
West Ham United
73%
Wolverhampton Wanderers
72%
Burnley
65%
Blackburn Rovers
63%
Norwich City
63%
Swansea City
63%
Birmingham City
62%
Derby County
62%
Southampton
62%
Ipswich Town
61%
Watford
61%
Hull City
60%
Sunderland
58%
Leicester City
57%
Sheffield United
57%
Cardiff City
55%
Bolton Wanderers
54%
Luton Town
53%
Stoke City
53%
West Bromwich Albion
52%
Charlton Athletic
50%
Barnsley
47%
Middlesbrough
46%
Coventry City
45%
Sheffield Wednesday
45%
Portsmouth
44%
Reading
44%
Huddersfield Town
41%
Blackpool
40%
Wigan Athletic
40%
Queens Park Rangers
37%
Bradford City
35%
Wimbledon
31%
Swindon Town
30%
Oldham Athletic
26%
No matching quizzes found
Score Distribution
Percent of People with Each Score
Percentile by Number Answered
Your Score History
You have not taken this quiz since the last reset